000 00657nam a2200289Ia 4500
005 20260324143825.0
008 008 260324s9999 xx 000 0 eng d
020 _a9781003065975
037 _aEBOOK
040 _aCRL
040 _beng
040 _cCRL
041 _2eng
041 _aeng
084 _qCRL
100 _aErnest Hodgson
_91217060
245 0 _aSafer Insecticides
245 0 _bDevelopment and Use
260 _bTaylor and Francis
260 _c1990
365 _a
365 _b480
856 _uhttp://www.taylorfrancis.com/books/9781003065975
942 _cEBOOK
999 _c1822915
_d1822915